000 00215 a2200097 4500
001 47199
100 _aAziz Beg
245 _aSeventeen September Days
260 _aLahore
_bBabur and Amer
_c
090 _c30254
_d30254
942 _aNUST-CAE
_cM
_c22508
999 _c282272
_d282272